000 00236nam a22001097a 4500
082 _a407MUN
100 _aMunby
245 _aCommunicative syllbus design
260 _aLondon
_bCambridge university
_c1988
300 _a232p
942 _cBK
999 _c14929
_d14929